| 000 | 00434cam a22001571 4500 | ||
|---|---|---|---|
| 999 |
_c150 _d150 |
||
| 020 | _a9788127242732 | ||
| 050 | 0 | 0 |
_aQK46 _b.G3 SIN |
| 100 | 1 | _aSingh, Jitendra | |
| 245 | 1 | 0 |
_aBasic horticulture _cby Jitendra Singh |
| 260 |
_aLudhiana : _bKalyani Publishers, _c2010. |
||
| 300 |
_a vii, 351 p. _b: ill. ; _c21 cm. |
||
| 500 | _aINCLUDES BIBLIOGRAPHIC REFERENCE AND INDEX | ||
| 650 | 0 | _aBotany. | |
| 650 | 0 | _aGardening. | |
| 942 | _cBK | ||